Top 10 des plus petits pays d'Europe (taille) - Statistiques

Statistiques générales
  • Ce quiz a été pris 532 fois
  • Le résultat moyen est 6 sur 10
Statistiques - réponses
Km2 Pays % Correct
0.44 Vatican
99%
1.95 Monaco
88%
61 Saint-Marin
76%
160 Liechtenstein
70%
468 Andorre
66%
2,586 Luxembourg
63%
316 Malte
59%
10,908 Kosovo
47%
13,812 Montenegro
40%
20,273 Slovenie
27%
Aucun quiz correspondant
Distribution des résultats
% des personnes avec chaque résultat
Percentile par nombre de réponses
Votre historique - résultats
Vous n’avez pas pris ce quiz